Сортовую агротехнику полевых культур - в производство (Запись № 12273325)

Подробности
000 -МАРКЕР
контрольное поле 02948nam0a2200409 4500
001 - ИДЕНТИФИКАТОР ЗАПИСИ
контрольное поле RU\NLR\BIBL_A\012511316
005 - ИДЕНТИФИКАТОР ВЕРСИИ
контрольное поле 20220420103347.0
010 ## - МЕЖДУНАРОДНЫЙ СТАНДАРТНЫЙ НОМЕР КНИГИ (ISBN)
Номер (ISBN) 978-5-94279-498-9
Тираж 25
021 ## - НОМЕР ГОСУДАРСТВЕННОЙ РЕГИСТРАЦИИ
Код страны Российская Федерация
Номер КН-П-20-085316
Номер Листа государственной регистраци КН-П-20-6495
035 ## - ДРУГИЕ СИСТЕМНЫЕ НОМЕРА
Идентификатор записи (NLR Aleph) 012511316
035 ## - ДРУГИЕ СИСТЕМНЫЕ НОМЕРА
Идентификатор записи (RuMoRGB)010529011
100 ## - ДАННЫЕ ОБЩЕЙ ОБРАБОТКИ
Данные общей обработки 20210427d2020 k y0rusy50 ca
101 0# - ЯЗЫК РЕСУРСА
Язык текста, звукозаписи и т.д. русский
102 ## - СТРАНА ПУБЛИКАЦИИ ИЛИ ПРОИЗВОДСТВА
Страна публикации Российская Федерация
105 ## - ПОЛЕ КОДИРОВАННЫХ ДАННЫХ: ТЕКСТОВЫЕ МАТЕРИАЛЫ, МОНОГРАФИЧЕСКИЕ
Кодированные данные о монографическом текстовом документе ac||z|||000zb
181 #0 - ПОЛЕ КОДИРОВАННЫХ ДАННЫХ: ВИД СОДЕРЖАНИЯ
Код вида содержания (ISBD) i
Код характеристики содержания (ISBD) axxe
182 #0 - ПОЛЕ КОДИРОВАННЫХ ДАННЫХ: ТИП СРЕДСТВА
Код типа средства (ISBD) n - непосредственное
200 1# - ЗАГЛАВИЕ И СВЕДЕНИЯ ОБ ОТВЕТСТВЕННОСТИ
Основное заглавие Сортовую агротехнику полевых культур - в производство
Сведения, относящиеся к заглавию материалы Всероссийской научно-практической конференции, посвященной 80-летию со дня рождения профессора кафедры растениеводства Ивана Васильевича Осокина (Пермь, 3 апреля 2020 года)
Первые сведения об ответственности Министерство сельского хозяйства Российской Федерации, Федеральное государственное бюджетное образовательное учреждение высшего образования "Пермский государственный аграрно-технологический университет имени академика Д. Н. Прянишникова"
Последующие сведения об ответственности научная редколлегия: С. Л. Елисеев, д-р с.-х. наук, профессор [и др.]
203 ## - ВИД СОДЕРЖАНИЯ И ТИП СРЕДСТВА
Вид содержания Текст
Дополнительные сведения об издании визуальный
Тип средства непосредственный
210 ## - ПУБЛИКАЦИЯ, РАСПРОСТРАНЕНИЕ И ДР.
Место издания, распространения и т.д. Пермь
Имя издателя, распространителя и т. д. Прокростъ
Дата издания, распространения и т.д. 2020
215 ## - ФИЗИЧЕСКАЯ ХАРАКТЕРИСТИКА
Специфическое обозначение материала и объем 145, [1] с.
Другие сведения о физической характеристике ил., портр., табл.
Размеры 29
320 ## - ПРИМЕЧАНИЯ О НАЛИЧИИ В ДОКУМЕНТЕ БИБЛИОГРАФИИ / УКАЗАТЕЛЯ
Текст примечания Библиогр. в конце ст.
600 #1 - ИМЯ ЛИЦА КАК ПРЕДМЕТ
Начальный элемент ввода Осокин
Часть имени, кроме начального элемента ввода И. В.
Даты 1940
Расширение инициалов личного имени Иван Васильевич
Системный номер авторитетной/нормативной записи 2478763
Идентификатор авторитетной/нормативной записи RU\NLR\AUTH\6601688295
606 1# - НАИМЕНОВАНИЕ ТЕМЫ КАК ПРЕДМЕТ
Наименование темы Полевые культуры
Формальный подзаголовок Съезды, совещания и т.п
Тематический подзаголовок Агротехника адаптивная
Системный номер авторитетной/нормативной записи 2468587
Идентификатор авторитетной/нормативной записи RU\NLR\AUTH\661466334
686 1# - ИНДЕКСЫ ДРУГИХ КЛАССИФИКАЦИЙ
Индекс П21д(2)Осокин
686 1# - ИНДЕКСЫ ДРУГИХ КЛАССИФИКАЦИЙ
Индекс П21-4я431(2)
702 #1 - ИМЯ ЛИЦА - ВТОРИЧНАЯ ОТВЕТСТВЕННОСТЬ
Начальный элемент ввода Елисеев
Часть имени, кроме начального элемента ввода С. Л.
Расширение инициалов личного имени Сергей Леонидович
Код отношения Редактор
702 #1 - ИМЯ ЛИЦА - ВТОРИЧНАЯ ОТВЕТСТВЕННОСТЬ
Начальный элемент ввода Осокин
Часть имени, кроме начального элемента ввода И. В.
Даты 1940-2008
Расширение инициалов личного имени Иван Васильевич
Код отношения Объект посвящения
711 12 - НАИМЕНОВАНИЕ ОРГАНИЗАЦИИ - АЛЬТЕРНАТИВНАЯ ОТВЕТСТВЕННОСТЬ
Начальный элемент ввода "Сортовую агротехнику полевых культур - в производство", всероссийская научно-практическая конференция
Место проведения временной организации Пермь
Дата проведения временной организации 2020
Системный номер авторитетной/нормативной записи 748742
Идентификатор авторитетной/нормативной записи RU\NLR\AUTH\880542232
712 02 - НАИМЕНОВАНИЕ ОРГАНИЗАЦИИ - ВТОРИЧНАЯ ОТВЕТСТВЕННОСТЬ
Код отношения Прочие
Начальный элемент ввода Пермский государственный аграрно-технологический университет им. Д. Н. Прянишникова
Системный номер авторитетной/нормативной записи 592234
Идентификатор авторитетной/нормативной записи RU\NLR\AUTH\880464853
942 ## - ДОПОЛНИТЕЛЬНЫЕ ЭЛЕМЕНТЫ ЗАПИСИ (АБИС)
Тип экземпляра АБИС Книга
980 ## - КОЛЛЕКЦИЯ
Название коллекции НБР
980 ## - КОЛЛЕКЦИЯ
Название коллекции Национальная библиография

Нет доступных экземпляров.